[Event "AUTO-ADV-2088"]
[Site "http://www.queenalice.com/game.php?id=907655"]
[Date "2011.3.2"]
[Round "1"]
[White "RafaelOliveira"]
[Black "ze_lima"]
[Result "1/2-1/2"]
[WhiteElo "1704"]
[BlackElo "1869"]

1. e4 e5 2. Nf3 d6 3. Bc4 h6 4. O-O Nf6 5. Re1 a6 6. c3 b5 7. Bb3 c5 8. d4 c4 9.
Bc2 Qc7 10. b4 Bg4 11. a4 Bxf3 12. Qxf3 Qb7 13. axb5 axb5 14. Rxa8 Qxa8 15. d5
Be7 16. Be3 Nbd7 17. Nd2 O-O 18. Qe2 Nh7 19. f4 exf4 20. Bxf4 Ne5 21. Bxe5 dxe5
22. Nxc4 bxc4 23. Qxc4 Qa7+ 24. Kf1 Bg5 25. Qb3 Bd2 26. Rd1 Qe3 27. c4 Qxb3 28.
Bxb3 Bxb4 29. Ke2 Nf6 30. Ke3 Bc5+ 31. Kd3 Ng4 32. Rd2 Nxh2 33. g3 Nf1 34. Rg2
f5 35. d6 fxe4+ 36. Kxe4 Bxd6 37. c5+ Kh8 38. cxd6 Rd8 39. Kxe5 Ne3 40. Re2 Ng4+
41. Kd5 Nf6+ 42. Kc6 Rc8+ 43. Kb7 Rc3 44. Bf7 Rxg3 45. Rd2 Ne4 46. d7 Nc5+ 47.
Kc8 Nxd7 48. Rxd7 g6 49. Rd6 Kg7 50. Be8 h5 51. Kd7 h4 52. Ke6 h3 53. Bc6 Re3+
54. Kd5 Rd3+ 55. Ke5 Rxd6 56. Kxd6 Kf6 57. Kd5 Kf5 58. Bd7+ Kf4 59. Bxh3 g5 60.
Bc8 g4 61. Bxg4 Kxg4 62. Ke4 1/2-1/2

[Event "AUTO-OPEN-2461"]
[Site "http://www.queenalice.com/game.php?id=978728"]
[Date "2011.8.30"]
[Round "1"]
[White "ze_lima"]
[Black "CocorickO"]
[Result "0-1"]
[WhiteElo "1809"]
[BlackElo "1669"]

1. e4 e5 2. Nf3 d6 3. d4 Nc6 4. d5 Nd4 5. Nxd4 exd4 6. Qxd4 Nf6 7. Bb5+ Bd7 8.
Bxd7+ Qxd7 9. O-O Be7 10. Nc3 O-O 11. h3 c6 12. b3 c5 13. Qd3 a6 14. Bb2 Nh5 15.
Na4 Qc7 16. g3 b5 17. Nc3 Bf6 18. Rab1 Qd7 19. g4 Nf4 20. Qf3 g5 21. Ne2 Bxb2
22. Rxb2 Nxe2+ 23. Qxe2 Rae8 24. f4 gxf4 25. Rxf4 f5 26. Rxf5 Rxf5 27. gxf5 Qg7+
28. Qg4 Rxe4 29. Qxg7+ Kxg7 30. Kg2 Kf6 31. c4 bxc4 32. bxc4 Rxc4 33. Rb6 Ra4
34. Rxd6+ Kxf5 35. Rc6 Rxa2+ 36. Kg3 Rd2 37. Rxc5 h5 38. d6+ Ke6 39. Rxh5 Rxd6
40. Rh6+ Kd5 41. Rxd6+ Kxd6 42. h4 Ke7 43. Kg4 Kf7 44. Kg5 a5 45. Kh6 a4 46. h5
a3 0-1

[Event "AUTO-OPEN-2461"]
[Site "http://www.queenalice.com/game.php?id=978729"]
[Date "2011.8.30"]
[Round "1"]
[White "CocorickO"]
[Black "ze_lima"]
[Result "0-1"]
[WhiteElo "1668"]
[BlackElo "1802"]

1. e4 e5 2. Nf3 d6 3. Bb5+ c6 4. Ba4 Nf6 5. d3 b5 6. Bb3 h6 7. O-O a5 8. a4 b4
9. c3 Na6 10. Bc4 Be7 11. cxb4 Nxb4 12. Qb3 O-O 13. g4 Bxg4 14. Ne1 Bh3 15. Ng2
Bxg2 16. Kxg2 Qd7 17. h3 Nh7 18. Nd2 Ng5 19. Nf3 Qxh3+ 20. Kg1 Nxf3# 0-1

[Event "AUTO-OPEN-2461"]
[Site "http://www.queenalice.com/game.php?id=978730"]
[Date "2011.8.30"]
[Round "1"]
[White "ze_lima"]
[Black "alex1234"]
[Result "0-1"]
[WhiteElo "1787"]
[BlackElo "1615"]

1. e4 c5 2. Nf3 d6 3. d4 cxd4 4. Nxd4 Nf6 5. Bb5+ Bd7 6. Bxd7+ Nbxd7 7. Nc3 g6
8. O-O Bg7 9. h3 O-O 10. Be3 a6 11. b4 Rc8 12. Qd2 Qc7 13. Nd5 Nxd5 14. exd5 Ne5
15. Rac1 Nc4 16. Qe2 Nxe3 17. Qxe3 Bxd4 18. Qxd4 Qc3 19. Qxc3 Rxc3 20. a4 Rfc8
21. Rfe1 Kf8 22. Re2 R8c4 23. b5 axb5 24. axb5 Rd4 25. b6 Rxd5 26. Rb1 Rdc5 27.
Rb2 d5 28. Ra2 e6 29. Ra8+ Ke7 30. Rb8 Rxc2 31. Rxb7+ Kf6 32. Rxc2 Rxc2 33. Rc7
Rb2 34. b7 d4 35. Rd7 e5 36. g4 Ke6 37. Rc7 d3 0-1

[Event "AUTO-OPEN-2461"]
[Site "http://www.queenalice.com/game.php?id=978731"]
[Date "2011.8.30"]
[Round "1"]
[White "alex1234"]
[Black "ze_lima"]
[Result "1-0"]
[WhiteElo "1663"]
[BlackElo "1768"]

1. d4 d5 2. c4 e6 3. Nf3 Nf6 4. Bg5 Bb4+ 5. Nc3 Bxc3+ 6. bxc3 h6 7. Bh4 O-O 8.
e3 c6 9. Bd3 Nbd7 10. O-O Qa5 11. Qb3 dxc4 12. Bxc4 Nd5 13. Bxd5 cxd5 14. c4 Nb6
15. cxd5 Nxd5 16. Ne5 b6 17. Rfc1 g5 18. Bg3 Qb4 19. Nc6 Qxb3 20. axb3 a5 21. e4
Nf4 22. Bxf4 gxf4 23. Ne7+ Kg7 24. Rc7 Re8 25. Rac1 Ba6 26. d5 Kf6 27. d6 Red8
28. e5+ Kxe5 29. Nc6+ Kxd6 30. Nxd8 Rxd8 31. Rxf7 Ke5 32. Re1+ Kd4 33. Rd1+ Bd3
34. Rxf4+ Ke5 35. Rh4 Rc8 36. f4+ Ke4 37. f5+ Ke3 38. Rh3+ 1-0

[Event "AUTO-OPEN-2461"]
[Site "http://www.queenalice.com/game.php?id=978732"]
[Date "2011.8.30"]
[Round "1"]
[White "ze_lima"]
[Black "clovis"]
[Result "0-1"]
[WhiteElo "1846"]
[BlackElo "1992"]

1. e4 e5 2. Nf3 Nc6 3. d4 exd4 4. Nxd4 Bc5 5. Nxc6 Qf6 6. Qe2 dxc6 7. Nc3 Ne7 8.
a3 O-O 9. Be3 Bxe3 10. Qxe3 Ng6 11. O-O-O Be6 12. Bd3 b5 13. Ne2 a5 14. Nd4 Ne5
15. Nxe6 fxe6 16. f3 a4 17. Qc5 Rfb8 18. Rhf1 Nc4 19. Bxc4 bxc4 20. c3 Rb3 21.
Qxc6 Rxc3+ 22. Kb1 Rb8 23. Qxc7 Rc1+ 0-1

[Event "AUTO-OPEN-2461"]
[Site "http://www.queenalice.com/game.php?id=978733"]
[Date "2011.8.30"]
[Round "1"]
[White "clovis"]
[Black "ze_lima"]
[Result "1-0"]
[WhiteElo "2090"]
[BlackElo "1836"]

1. e4 e5 2. Bc4 Nf6 3. Nc3 a6 4. Nf3 Ng4 5. d3 Bc5 6. O-O O-O 7. h3 Nxf2 8. Rxf2
Bxf2+ 9. Kxf2 b5 10. Bb3 d6 11. Bg5 Qe8 12. Nd5 Qd7 13. Nh4 Kh8 14. Qh5 Nc6 15.
Nf6 h6 16. Nxd7 Bxd7 17. Bxf7 Rxf7+ 18. Qxf7 hxg5 19. Qxd7 gxh4 20. Qxc6 1-0

[Event "AUTO-ADV-2262"]
[Site "http://www.queenalice.com/game.php?id=978792"]
[Date "2011.8.30"]
[Round "1"]
[White "robertolm"]
[Black "ze_lima"]
[Result "1-0"]
[WhiteElo "1694"]
[BlackElo "1741"]

1. e4 e5 2. Nf3 d6 3. d4 Bg4 4. Be2 Bxf3 5. Bxf3 Nc6 6. Be3 Nf6 7. dxe5 Nxe5 8.
O-O h6 9. Nc3 c6 10. Bf4 Nxf3+ 11. Qxf3 Be7 12. e5 dxe5 13. Bxe5 Qa5 14. Bxf6
Bxf6 15. Rfe1+ Be7 16. Re3 Rd8 17. Qg3 Rg8 18. Rae1 Rd7 19. Qb8+ Qd8 20. Qxa7 b6
21. Qa4 b5 22. Qe4 Qc7 23. Qh7 Kf8 24. Rd3 Rxd3 25. Qxd3 f6 26. g3 Kf7 27. Qf5
Qc8 28. Qxc8 Rxc8 29. h4 Bb4 30. Re3 Bxc3 31. Rxc3 c5 32. Rd3 Ke6 33. Kg2 c4 34.
Re3+ Kf7 35. c3 Re8 36. Rxe8 Kxe8 37. Kf3 Ke7 38. Ke4 Ke6 39. f4 g6 40. g4 f5+
41. gxf5+ gxf5+ 42. Kd4 Kd6 43. b4 cxb3 44. axb3 h5 45. c4 b4 46. c5+ Kc6 47.
Kc4 Kb7 48. Kxb4 Kc6 49. Kc4 Kd7 50. Kd5 1-0

[Event "AUTO-ADV-2262"]
[Site "http://www.queenalice.com/game.php?id=978793"]
[Date "2011.8.30"]
[Round "1"]
[White "ze_lima"]
[Black "robertolm"]
[Result "1-0"]
[WhiteElo "1830"]
[BlackElo "1808"]

1. e4 e5 2. Nf3 Nc6 3. d4 exd4 4. Nxd4 Bc5 5. Nxc6 bxc6 6. Bc4 Qf6 7. O-O Nh6 8.
Bxh6 Qxh6 9. Qf3 O-O 10. Nc3 d6 11. Rad1 Qg6 12. Qg3 Qxg3 13. hxg3 Be6 14. Bb3
Bxb3 15. cxb3 f5 16. exf5 Rxf5 17. Ne4 d5 18. Nxc5 a5 19. g4 Rf7 20. Rfe1 h6 21.
Re6 Rf6 22. f3 Kf7 23. Rde1 a4 24. Re7+ Kg8 25. Rxc7 axb3 26. axb3 Ra5 27. b4
Rb5 28. Rb7 Rxb7 29. Nxb7 Rf8 30. Re7 Rb8 31. Rd7 g5 32. Rd8+ Rxd8 33. Nxd8 Kf8
34. Nxc6 Kf7 35. b5 Ke6 36. b4 Kd6 37. Nd4 Ke5 38. Nf5 d4 39. b6 d3 40. Kf2 Kf4
41. b7 d2 42. Ke2 d1=B+ 43. Kxd1 h5 44. b8=Q# 1-0

[Event "AUTO-ADV-2262"]
[Site "http://www.queenalice.com/game.php?id=978804"]
[Date "2011.8.30"]
[Round "1"]
[White "Tigrao"]
[Black "ze_lima"]
[Result "0-1"]
[WhiteElo "1789"]
[BlackElo "1814"]

1. e4 e5 2. Nf3 d6 3. d4 Bg4 4. dxe5 Bxf3 5. gxf3 Nc6 6. exd6 Qxd6 7. Qxd6 Bxd6
8. Bb5 Ne7 9. Nc3 O-O 10. Be3 Ne5 11. f4 Ng4 12. O-O-O Nxe3 13. fxe3 a6 14. Bc4
Bc5 15. Rd3 Rfd8 16. Rhd1 Rxd3 17. Rxd3 Nc6 18. Nd1 Rd8 19. Rxd8+ Nxd8 20. Kd2
b5 21. Be2 f6 22. f5 Nc6 23. c4 b4 24. Bf3 Ne5 25. Be2 c6 26. Nf2 g6 27. Ng4
Nxg4 28. Bxg4 h5 29. Bf3 Kg7 30. h3 h4 31. Ke2 Bd6 32. Bg2 c5 33. Kf3 g5 34. a3
a5 35. Bf1 a4 36. Bd3 b3 37. Bf1 Be5 38. Ke2 Bxb2 39. Kd1 Bxa3 40. Bd3 Bb4 41.
Kc1 a3 42. Kb1 Bd2 43. Be2 Bc3 0-1

[Event "AUTO-ADV-2262"]
[Site "http://www.queenalice.com/game.php?id=978805"]
[Date "2011.8.30"]
[Round "1"]
[White "ze_lima"]
[Black "Tigrao"]
[Result "1/2-1/2"]
[WhiteElo "1815"]
[BlackElo "1788"]

1. e4 e5 2. Nf3 Nc6 3. d4 exd4 4. Nxd4 Nxd4 5. Qxd4 d6 6. Bc4 Nf6 7. Bg5 Be7 8.
Bxf6 Bxf6 9. Qd5 O-O 10. c3 c6 11. Qh5 g6 12. Qf3 Re8 13. O-O Be6 14. Bxe6 Rxe6
15. Nd2 b5 16. h3 Qd7 17. Rfe1 Rae8 18. Re2 d5 19. Rae1 Bg5 20. Nb3 dxe4 21.
Rxe4 Rxe4 22. Rxe4 Rxe4 23. Qxe4 Be7 24. Qd4 Qc7 25. Nc5 Bxc5 26. Qxc5 a5 27. b4
a4 28. a3 Qd7 29. Qd4 Qxd4 30. cxd4 Kf8 31. f4 Ke7 32. Kf2 Kd6 33. Ke3 Kd5 34.
Kd3 f6 35. g4 h6 36. h4 Ke6 37. Ke4 f5+ 38. gxf5+ gxf5+ 39. Kd3 h5 40. Kc3 Kd5
41. Kd3 Ke6 1/2-1/2

[Event "AUTO-ADV-2262"]
[Site "http://www.queenalice.com/game.php?id=978812"]
[Date "2011.8.30"]
[Round "1"]
[White "ze_lima"]
[Black "a13tc38920"]
[Result "0-1"]
[WhiteElo "1753"]
[BlackElo "1841"]

1. e4 c5 2. Nf3 d6 3. d4 cxd4 4. Nxd4 Nf6 5. Bd3 a6 6. h3 Nbd7 7. O-O b5 8. Bg5
e6 9. Nc6 Qc7 10. Bxf6 Nxf6 11. Nd4 Bb7 12. Nc3 b4 13. Nce2 Nxe4 14. f3 Nf6 15.
Kh1 Rc8 16. a3 d5 17. axb4 Bxb4 18. c3 Bd6 19. Qd2 O-O 20. f4 e5 21. Nf5 e4 22.
Bxa6 Bxa6 23. Nxd6 Qxd6 24. Rfd1 Bxe2 25. Qxe2 Qxf4 0-1

[Event "AUTO-ADV-2262"]
[Site "http://www.queenalice.com/game.php?id=978813"]
[Date "2011.8.30"]
[Round "1"]
[White "a13tc38920"]
[Black "ze_lima"]
[Result "1-0"]
[WhiteElo "1796"]
[BlackElo "1768"]

1. d4 d5 2. c4 e6 3. Nc3 Bb4 4. Nf3 Bxc3+ 5. bxc3 Nf6 6. Bg5 h6 7. Bf4 Nc6 8. e3
O-O 9. Bd3 b6 10. cxd5 Nxd5 11. Qc2 Bb7 12. Bg3 Nf6 13. O-O Na5 14. e4 Nh5 15.
e5 Bxf3 16. gxf3 Qg5 17. Kh1 Nxg3+ 18. fxg3 f5 19. exf6 Rxf6 20. f4 Qh5 21. Rae1
Re8 22. Re5 Qh3 23. Rfe1 Nc6 24. R5e3 Kf7 25. Bb5 1-0

[Event "AUTO-OPEN-2489"]
[Site "http://www.queenalice.com/game.php?id=989419"]
[Date "2011.9.24"]
[Round "1"]
[White "ze_lima"]
[Black "acm_chessmaster"]
[Result "0-1"]
[WhiteElo "1830"]
[BlackElo "1703"]

1. e4 e5 2. Nf3 Nc6 3. d4 exd4 4. Nxd4 Nxd4 5. Qxd4 Qf6 6. Be3 Qxd4 7. Bxd4 d6
8. Nc3 c6 9. Bd3 f6 10. O-O Nh6 11. h3 Be7 12. Be3 Nf7 13. f4 Bd7 14. f5 Ne5 15.
Be2 b6 16. a3 g5 17. Bh5+ Nf7 18. Bxf7+ Kxf7 19. g4 h5 20. Rf2 hxg4 21. hxg4 Rh3
22. Re1 Rah8 23. Rg2 d5 24. Ree2 Bd6 25. exd5 Bg3 26. Kf1 cxd5 27. Bd4 R8h4 28.
Re3 Rxg4 29. Rgxg3 Rgxg3 30. Rxg3 Rxg3 31. Kf2 Rh3 32. Kg2 Bxf5 33. Nxd5 Rh6 34.
c3 Ke6 35. Nc7+ Kd7 36. Nb5 a6 37. Na7 b5 38. b4 Kc7 39. Kg3 Kb7 40. Kg2 Be6 41.
Kf3 f5 42. Kg3 Bb3 43. Kg2 Bd1 44. Be3 f4 45. Bd4 g4 46. Bc5 g3 0-1

[Event "AUTO-OPEN-2489"]
[Site "http://www.queenalice.com/game.php?id=989420"]
[Date "2011.9.24"]
[Round "1"]
[White "acm_chessmaster"]
[Black "ze_lima"]
[Result "1-0"]
[WhiteElo "1724"]
[BlackElo "1787"]

1. e4 e5 2. Nf3 d6 3. Bc4 h6 4. d3 Nf6 5. Nc3 c6 6. h3 b5 7. Bb3 a5 8. a3 a4 9.
Ba2 Be7 10. Nh4 O-O 11. Nf5 Bxf5 12. exf5 Qd7 13. g4 d5 14. Bd2 d4 15. Ne4 Nxe4
16. dxe4 Qd8 17. f4 Bh4+ 18. Ke2 d3+ 19. cxd3 Qd4 20. Be3 Qxb2+ 21. Qd2 Qxd2+
22. Bxd2 Bg3 23. Kf3 exf4 24. Bxf4 Bxf4 25. Kxf4 Kh7 26. d4 g5+ 27. Kf3 f6 28.
Rhe1 Nd7 29. Rac1 c5 30. dxc5 Ne5+ 31. Ke3 Rfd8 32. Red1 Rac8 33. Rxd8 Rxd8 34.
Bd5 Rc8 35. c6 Rc7 36. Rc5 Kg7 37. Rxb5 Nxc6 38. Rc5 h5 39. Rxc6 Ra7 40. Rc4 h4
41. Kd2 Kf8 42. Kc2 Ke7 43. Kb2 Ra6 44. Ka2 Kd6 45. Rc8 Ke5 46. Ra8 Rxa8 47.
Bxa8 Kf4 48. Bc6 Kg3 49. e5 fxe5 50. Bxa4 1-0

[Event "AUTO-OPEN-2489"]
[Site "http://www.queenalice.com/game.php?id=989421"]
[Date "2011.9.24"]
[Round "1"]
[White "ze_lima"]
[Black "cecel"]
[Result "0-1"]
[WhiteElo "1723"]
[BlackElo "1522"]

1. e4 e5 2. Nf3 Qe7 3. Nc3 c6 4. d3 g6 5. a3 Bg7 6. Bg5 f6 7. Be3 b6 8. Be2 Nh6
9. Bxh6 Bxh6 10. O-O O-O 0-1

[Event "AUTO-OPEN-2489"]
[Site "http://www.queenalice.com/game.php?id=989423"]
[Date "2011.9.24"]
[Round "1"]
[White "ze_lima"]
[Black "od_xavier"]
[Result "0-1"]
[WhiteElo "1639"]
[BlackElo "1842"]

1. e4 e5 2. Nf3 Nc6 3. d4 exd4 4. Nxd4 Nxd4 5. Qxd4 Nf6 6. Bg5 c5 7. Qe5+ Be7 8.
Bxf6 gxf6 9. Qg3 d5 10. Bb5+ Bd7 11. Bxd7+ Kxd7 12. Qg4+ Kc7 13. Nc3 dxe4 0-1

[Event "AUTO-OPEN-2489"]
[Site "http://www.queenalice.com/game.php?id=989424"]
[Date "2011.9.24"]
[Round "1"]
[White "od_xavier"]
[Black "ze_lima"]
[Result "1-0"]
[WhiteElo "1850"]
[BlackElo "1631"]

1. e4 e5 2. Nf3 d6 3. h3 Nf6 4. Bc4 h6 5. Nc3 c6 6. O-O b5 7. Bb3 a5 8. a3 a4 9.
Ba2 Be7 10. d3 O-O 11. Ne2 Be6 12. Bxe6 fxe6 13. Nh2 Nbd7 14. g4 1-0

[Event "AUTO-ADV-2290"]
[Site "http://www.queenalice.com/game.php?id=989672"]
[Date "2011.9.25"]
[Round "1"]
[White "galopin"]
[Black "ze_lima"]
[Result "1-0"]
[WhiteElo "1800"]
[BlackElo "1649"]

1. c4 e5 2. Nc3 Nf6 3. g3 d5 4. cxd5 Nxd5 5. Bg2 Nxc3 6. bxc3 Bc5 7. Bb2 Qf6 8.
e3 O-O 9. d4 exd4 10. exd4 Qe7+ 11. Ne2 Bd6 12. O-O 1-0

[Event "AUTO-ADV-2290"]
[Site "http://www.queenalice.com/game.php?id=989673"]
[Date "2011.9.25"]
[Round "1"]
[White "ze_lima"]
[Black "galopin"]
[Result "0-1"]
[WhiteElo "1660"]
[BlackElo "1789"]

1. e4 e6 2. d4 d5 3. e5 c5 4. Bb5+ Bd7 5. Bxd7+ Nxd7 6. Nf3 cxd4 7. Qxd4 Bc5 8.
Qd2 a5 9. O-O Qc7 10. Qg5 Be7 11. Qxg7 O-O-O 12. Qxh8 Ngf6 0-1

[Event "AUTO-ADV-2290"]
[Site "http://www.queenalice.com/game.php?id=989688"]
[Date "2011.9.25"]
[Round "1"]
[White "ThiagoTanaka"]
[Black "ze_lima"]
[Result "1-0"]
[WhiteElo "1854"]
[BlackElo "1624"]

1. d4 d5 2. c4 e6 3. c5 Nf6 4. Nc3 a6 5. Bf4 h6 6. Nf3 Nc6 7. e3 Be7 8. Bd3 Bd7
9. O-O Nb4 10. Be2 Nc6 11. a3 O-O 12. Ne5 Nxe5 13. Bxe5 Nh7 14. Bd3 Bf6 15. Bg3
c6 16. Qc2 Ng5 17. h4 Ne4 18. Nxe4 dxe4 19. Bxe4 Bxh4 20. Bxh4 Qxh4 21. g3 Qg5
22. Kg2 f5 23. Bf3 h5 24. Rh1 g6 25. Qb3 Rab8 26. Rh2 Kg7 27. Rah1 Rh8 28. Qb6
Qe7 29. Qc7 Rhc8 30. Qf4 g5 31. Qe5+ Qf6 32. Qd6 Qe7 33. Qxe7+ 1-0

[Event "AUTO-ADV-2290"]
[Site "http://www.queenalice.com/game.php?id=989689"]
[Date "2011.9.25"]
[Round "1"]
[White "ze_lima"]
[Black "ThiagoTanaka"]
[Result "0-1"]
[WhiteElo "1617"]
[BlackElo "1861"]

1. e4 c6 2. d4 d5 3. e5 Bf5 4. Bd3 Bxd3 5. Qxd3 Qa5+ 6. Bd2 Qa6 7. Qh3 e6 8. Ne2
c5 9. c3 Nc6 10. Qf3 cxd4 11. cxd4 Bb4 12. O-O Nge7 13. a3 Bxd2 14. Nxd2 Nf5 15.
Nb3 Qb6 16. Rfd1 O-O 17. g4 Nfe7 18. Nf4 Rac8 19. Rac1 Rc7 20. Ne2 Rfc8 21. h4
Na5 22. Nxa5 Qxa5 23. Rxc7 Rxc7 24. b4 Qa4 25. Qd3 Qc2 26. Qxc2 Rxc2 27. Kf1 Nc8
28. Rc1 Rxc1+ 29. Nxc1 Nb6 30. Nb3 Nc4 31. a4 Nb2 32. a5 Nd3 0-1

[Event "AUTO-ADV-2290"]
[Site "http://www.queenalice.com/game.php?id=989698"]
[Date "2011.9.25"]
[Round "1"]
[White "tewald"]
[Black "ze_lima"]
[Result "1-0"]
[WhiteElo "1863"]
[BlackElo "1677"]

1. e4 e5 2. Nf3 d6 3. d4 Bg4 4. Be2 Bxf3 5. Bxf3 Nc6 6. c3 Nf6 7. d5 Ne7 8. O-O
h6 9. Nd2 Ng6 10. g3 Be7 11. b4 b6 12. a4 O-O 13. a5 b5 14. c4 a6 15. cxb5 axb5
16. Nb3 Nd7 17. Be2 Qb8 18. a6 Bg5 19. Bxg5 hxg5 20. Qd3 Qb6 21. Qxb5 Qxb5 22.
Bxb5 Nb6 23. Nd2 f5 24. f3 f4 25. Nc4 Nxc4 26. Bxc4 Ne7 27. b5 Nc8 28. Kg2 Nb6
29. Be2 Kh7 30. g4 Kg6 31. Rh1 Rh8 32. h3 Rh4 33. Ra3 Kf7 34. Rc1 Rc8 35. Rac3
Na8 36. a7 Rhh8 37. b6 Nxb6 38. Ba6 Ra8 39. Rxc7+ Kg6 40. Rb7 Na4 41. Rcc7 Rhg8
42. Rd7 1-0

[Event "AUTO-ADV-2290"]
[Site "http://www.queenalice.com/game.php?id=989699"]
[Date "2011.9.25"]
[Round "1"]
[White "ze_lima"]
[Black "tewald"]
[Result "0-1"]
[WhiteElo "1668"]
[BlackElo "1872"]

1. e4 e6 2. d4 d5 3. e5 c5 4. Bb5+ Nc6 5. Bxc6+ bxc6 6. Nf3 Ba6 7. Nc3 Qb6 8. a3
Ne7 9. Be3 Nf5 10. b3 cxd4 11. Nxd4 Nxe3 12. fxe3 Be7 13. Qd2 c5 14. Nde2 O-O
15. O-O Rad8 16. Na4 Qb5 17. Nec3 Qb7 18. Rfe1 Bg5 19. Nxc5 Qc6 20. Nxa6 Qxa6
21. Qd3 Qb7 22. Nb5 Be7 23. Nd4 Qc7 24. Nf3 Rc8 25. Rec1 f6 26. Nd4 Qxe5 27. Nf3
Qc7 28. Nd4 Qd7 29. a4 g6 30. Qb5 Qd6 31. c4 a6 32. Qa5 dxc4 33. Rxc4 Rxc4 34.
bxc4 e5 35. Nf3 g5 36. Qd5+ Kg7 37. Qxd6 Bxd6 38. e4 Rc8 39. Rc1 h5 40. h3 Bc5+
41. Kf1 Rb8 42. Nd2 Rb4 43. a5 Rb2 0-1